000 00911cam a2200301 a 4500
999 _c8535
_d8535
001 8535
003 BD-JhCC
005 20180325081411.0
008 700629s1969 enkf 001 0 eng
020 _a0853152128
020 _a0853151946
035 _a(BD-JhCC)8535
035 _a684582
040 _aLC
_cLC
_dBD-JhCC
041 1 _aengger
050 0 0 _aHB203
_b.M318
082 0 4 _a330.1/62
_bMAR 1969
100 1 _aMarx, Karl,
_d1818-1883.
245 1 0 _aTheories of surplus value /
_c[by] Karl Marx; [edited by S. Ryazanskaya, translated by Renate Simpson].
260 _aLondon,
_bLawrence & Wishart,
_c1969.
300 _a2 v.
_bplates.
_c23 cm.
500 _aTranslation of Theorien uber den Mehrwert.
500 _aOriginally published, Moscow, Progress Publishers, 1963-1968.
650 0 _aSurplus value
_xHistory.
650 0 _aEconomics
_xHistory.
942 _2ddc
_cBK